Missing Word: 2013 Movie Titles Quiz Stats

 Plays Quiz Updated Mar 5, 2014

Challenge
Share
Tweet
Embed
Score 0/20 Timer 02:00
2 Plays Today
Movie Missing Word % Correct
The _____ RangerLone
94.3%
The _____ GatsbyGreat
92.4%
The Wolf of _____ StreetWall
91.1%
Cloudy with a Chance of ________ 2Meatballs
88.5%
The Secret ___ of Walter MittyLife
87.9%
World _____ ZWar
85%
_________ Me 2Despicable
82.7%
_________ UniversityMonsters
75.2%
Percy _________: Sea of MonstersJackson
72.7%
Ender's _____Game
71.7%
Movie Missing Word % Correct
Jack the ______ SlayerGiant
69.3%
_______ Mr. BanksSaving
68.1%
The Hobbit: The Desolation of ______Smaug
67.1%
Star Trek Into __________Darkness
64.6%
Grudge ______Match
62.8%
Anchorman 2: The _______ Continues Legend
62.1%
American _______Hustle
57.3%
Thor: The Dark ______World
46.3%
________: Long Walk to FreedomMandela
42%
The Fifth ______Estate
19.7%

Today's Daily Dose

Missing Word
Directed by David

Word Ladder
The Jungle Book

On This Day
July 17th II

You're not logged in!

Compare scores with friends on all Sporcle quizzes.
Join for Free
OR
Log In

You Might Also Like...

Show Comments

Extras

Top Quizzes Today


Score Distribution

Your Account Isn't Verified!

In order to create a playlist on Sporcle, you need to verify the email address you used during registration. Go to your Sporcle Settings to finish the process.

Report this User

Report this user for behavior that violates our Community Guidelines.

Details: